| 000 | 00701nam a2200217 u 4500 | ||
|---|---|---|---|
| 005 | 20240228064253.0 | ||
| 008 | 170119s2009 r 000 0 eng d | ||
| 020 | _a9788426137418 | ||
| 035 | _aUPN01000215410 | ||
| 049 | _aI | ||
| 050 | 4 |
_aPZ7 _bR4.9 |
|
| 100 | 1 |
_aRecorvits, Helen _940079 |
|
| 245 | 1 | 0 |
_aYoon y la pulsera de jade / _cHelen Recorvits ; il. Gabi Swiatkowska ; tr. Christiane Reyes. |
| 260 |
_aBarcelona, Esp. : _bJuventud, _c2009. |
||
| 300 |
_a30 p. : _bil. col. |
||
| 534 |
_pTítulo original: _tYoon and the jade bracelet |
||
| 650 | 7 |
_aLiteratura infantil estadounidense _2 _99173 |
|
| 650 | 4 |
_aLibros y lectura para niños _92290 |
|
| 905 | _aInfantil | ||
| 999 |
_c187510 _d187510 |
||